| 000 | 01482nam a2200349 a 4500 | ||
|---|---|---|---|
| 001 | ebr10657519 | ||
| 003 | CaPaEBR | ||
| 006 | m u | ||
| 007 | cr cn||||||||| | ||
| 008 | 121016s2013 inua s 000 0 eng d | ||
| 010 | _z 2012951872 | ||
| 020 | _z9781118519653 (pbk. : alk. paper) | ||
| 020 | _z1118519655 (pbk. : alk. paper) | ||
| 020 | _z9781118519677 (e-book) | ||
| 040 |
_aCaPaEBR _cCaPaEBR |
||
| 035 | _a(OCoLC)834611785 | ||
| 050 | 1 | 4 |
_aHF5549.5.P37 _bP47 2013eb |
| 082 | 0 | 4 |
_a658.4038011 _223 |
| 100 | 1 |
_aPerson, Ron, _d1948- |
|
| 245 | 1 | 0 |
_aBalanced scorecards & operational dashboards with Microsoft Excel _h[electronic resource] / _cRon Person. |
| 250 | _a2nd ed. | ||
| 260 |
_aIndianapolis : _bJ. Wiley and Sons, _c2013. |
||
| 300 |
_axxvi, 454 p. : _bill. |
||
| 505 | 0 | _apt. 1. Strategic performance with balanced scorecards -- pt. 2. Operational performance with dashboards -- pt. 3. Building maps, scorecards, and dashboards. | |
| 533 |
_aElectronic reproduction. _bPalo Alto, Calif. : _cebrary, _d2013. _nAvailable via World Wide Web. _nAccess may be limited to ebrary affiliated libraries. |
||
| 630 | 0 | 0 | _aMicrosoft Excel (Computer file) |
| 650 | 0 | _aPerformance technology. | |
| 650 | 0 | _aDashboards (Management information systems) | |
| 655 | 7 |
_aElectronic books. _2local |
|
| 710 | 2 | _aebrary, Inc. | |
| 856 | 4 | 0 |
_uhttp://site.ebrary.com/lib/rucke/Doc?id=10657519 _zAn electronic book accessible through the World Wide Web; click to view |
| 999 |
_c76945 _d76945 |
||